|
|
|
|
| LEADER |
02849nam a22004095i 4500 |
| 001 |
978-3-658-02819-0 |
| 003 |
DE-He213 |
| 005 |
20151204142330.0 |
| 007 |
cr nn 008mamaa |
| 008 |
130924s2014 gw | s |||| 0|eng d |
| 020 |
|
|
|a 9783658028190
|9 978-3-658-02819-0
|
| 024 |
7 |
|
|a 10.1007/978-3-658-02819-0
|2 doi
|
| 040 |
|
|
|d GrThAP
|
| 050 |
|
4 |
|a HD28-70
|
| 072 |
|
7 |
|a KJC
|2 bicssc
|
| 072 |
|
7 |
|a BUS041000
|2 bisacsh
|
| 082 |
0 |
4 |
|a 658.4092
|2 23
|
| 100 |
1 |
|
|a Drescher, Frederik.
|e author.
|
| 245 |
1 |
0 |
|a Insolvency Timing and Managerial Decision-Making
|h [electronic resource] /
|c by Frederik Drescher.
|
| 264 |
|
1 |
|a Wiesbaden :
|b Springer Fachmedien Wiesbaden :
|b Imprint: Springer Gabler,
|c 2014.
|
| 300 |
|
|
|a XVII, 191 p. 35 illus.
|b online resource.
|
| 336 |
|
|
|a text
|b txt
|2 rdacontent
|
| 337 |
|
|
|a computer
|b c
|2 rdamedia
|
| 338 |
|
|
|a online resource
|b cr
|2 rdacarrier
|
| 347 |
|
|
|a text file
|b PDF
|2 rda
|
| 505 |
0 |
|
|a InInsolvency Timing as an Agency Problem -- Financial Distress and Insolvency Timing.- Managerial Insolvency Timing Decision -- Experimental Testing of Interest Alignment Instruments.
|
| 520 |
|
|
|a Frederik Drescher addresses the timing of non-mandatory insolvency filings based on threatening illiquidity (§ 18 InsO) with the aim of a company's restructuring as an agency problem between owners and management. Using a decision model, the author develops the hypothesis of a tendency towards delayed insolvency filings and confirms it experimentally. Moreover, he analyzes different incentive instruments potentially leading to earlier insolvency filings. Contents · Insolvency Timing as an Agency Problem · Financial Distress and Insolvency Timing · Managerial Insolvency Timing Decision · Experimental Testing of Interest Alignment Instruments Target Groups · Researchers and students in the field of business economics with a focus on corporate restructuring and decision theory · Practitioners in corporate restructuring and insolvency professionals, managers and company owners The Author Frederik Drescher holds a degree in Business Administration from WHU Otto Beisheim School of Management and wrote his doctoral thesis at Technische Universität München under the supervision of Prof. Dr. Gunther Friedl. He is a consultant with a special focus on corporate restructuring.
|
| 650 |
|
0 |
|a Business.
|
| 650 |
|
0 |
|a Leadership.
|
| 650 |
1 |
4 |
|a Business and Management.
|
| 650 |
2 |
4 |
|a Business Strategy/Leadership.
|
| 710 |
2 |
|
|a SpringerLink (Online service)
|
| 773 |
0 |
|
|t Springer eBooks
|
| 776 |
0 |
8 |
|i Printed edition:
|z 9783658028183
|
| 856 |
4 |
0 |
|u http://dx.doi.org/10.1007/978-3-658-02819-0
|z Full Text via HEAL-Link
|
| 912 |
|
|
|a ZDB-2-SBE
|
| 950 |
|
|
|a Business and Economics (Springer-11643)
|